[Event "EU-ch 2nd"]
[Site "Ohrid"]
[Date "2001.06.10"]
[Round "9"]
[White "Atalik, Suat"]
[Black "Cyborowski, Lukasz"]
[Result "1/2-1/2"]
[WhiteElo "2537"]
[BlackElo "2450"]
[Annotator "Atalik,S"]
[PlyCount "84"]
[EventDate "2001.06.01"]
[EventType "swiss"]
[EventRounds "13"]
[EventCountry "YUG"]
[SourceTitle "CBM 084"]
[Source "ChessBase"]
[SourceDate "2001.09.13"]
[SourceVersion "1"]
[SourceVersionDate "2001.09.13"]
[SourceQuality "1"]

1. d4 Nf6 2. c4 g6 3. Nf3 Bg7 4. g3 d5 5. cxd5 Nxd5 6. Bg2 Nb6 7. O-O Nc6 8. e3
O-O (8... e5 9. Nc3 exd4 (9... Bg4 10. h3 $5) 10. Nxd4 Nxd4 11. exd4 O-O 12. d5
$13) 9. Nc3 Re8 10. d5 Na5 11. Nd4 Bd7 12. e4 c6 13. b3 cxd5 14. exd5 Rc8 {
This is considered to be the best since exchanging on e6 creates problems for
black.} (14... e6 15. dxe6 Bxe6 16. Be3 Nd5 (16... Bd5 17. Rc1 Bxg2 18. Kxg2
Nd5 19. Nxd5 Qxd5+ 20. Nf3 $1 Qe4 (20... Qxd1 21. Rfxd1 Re7 22. b4 Nc6 23. b5
Ne5 24. a4 $16 {Cvitan-Huzman,Moskva 1989.}) (20... Qb5 21. Rc5 Qa6 22. Rc7
Rad8 23. Qc2 $14 {C.Hansen-Halifman,Wijk Aan Zee 1991.}) 21. Qd7 $5) 17. Nxe6
Nxe3 18. Qxd8 Rexd8 19. Nxd8 Nxf1 (19... Bxc3 $2 20. fxe3 $1 $18) 20. Rd1 Bxc3
21. Kxf1 Bf6 22. Nxb7 Nxb7 23. Bxb7 $14 {Pigusov-Yermolinsky,Sverdlovsk 1987.})
15. Bb2 Nbc4 {The right knight.} (15... Nac4 16. bxc4 Nxc4 17. Bc1 Qb6 18. Nde2
$16) 16. bxc4 Qb6 17. Ne6 $1 Nxc4 {My opponent played this rather fast but I
like the other move more for black.} (17... fxe6 $1 18. Rb1 Qa6 19. c5 (19. Re1
Nxc4 20. Ba1 Red8 21. Qe2 $44) 19... Nc4 (19... Rxc5 20. Na4 Rc4 21. Nc5 Rxc5
22. Bxg7 exd5 23. Bxd5+ Be6 24. Bxe6+ Qxe6 25. Ba1 $44) (19... exd5 20. Nxd5
Bf5 21. Bxg7 Kxg7 (21... Bxb1 22. Ba1) 22. Rb4 $13 {Junior 6.0-Shredder,
Computers 2000.}) 20. Ba1 (20. dxe6 $2 Bxe6 21. Ba1 Red8 22. Bxb7 Rxd1 23. Bxa6
Rxf1+ 24. Rxf1 Rxc5 25. Ne4 Ra5 26. Bxg7 Kxg7 27. Bxc4 Bxc4 $17) (20. Qe2 $2
Nxb2 21. Qxa6 bxa6 22. Rxb2 Bxc3 $17) 20... Rxc5 21. dxe6 Bc6 22. Bxc6 (22. Nd5
$6 Bxd5 23. Bxd5 Bxa1 24. Rxa1 Rd8 25. Bxc4 Rxd1 26. Bxa6 Rxa1 27. Rxa1 bxa6
$15) 22... Qxc6 23. Qd7 $13) 18. Nxg7 Nxb2 19. Qe2 (19. Qe1 $6 Kxg7 20. Rb1 Qb4
) 19... Kxg7 20. Rab1 Rxc3 21. Rxb2 Bg4 $1 $146 {This natural move is a
novelty.} (21... Qf6 22. Rxb7 Bf5 23. Qb2 a5 24. h3 Rc2 25. Qxf6+ exf6 (25...
Kxf6 26. Re1 Rxa2 27. d6 e6 28. g4 Bd3 29. Re3 Be2 30. g5+ Kxg5 31. Rxf7 a4 32.
d7 Rd8 33. f4+ Kh6 34. Rxe6 Bc4 35. Re8 Bxf7 36. Rxd8 Be6 37. Bd5 $1 Ra1+ 38.
Kh2 Bf5 39. Bc6 Ra2+ 40. Kg3 Ra3+ 41. Kf2 Bxh3 42. Ra8 Ra2+ 43. Ke3 Bxd7 44.
Bxd7 a3 45. Be6 Ra1 46. Bc4 $14) 26. g4 Bc8 27. Ra7 Rxa2 28. Rc1 $14 {
Bacrot-Gustafsson,Bundesliga 2000-2001.}) 22. Qe5+ $5 (22. Qd2 Rd3 $1 23. Qxd3
Qxb2 24. Rb1 Qxa2 (24... Bf5 $4 25. Qxf5) 25. Qd4+ Kg8 26. Rxb7 $14) 22... Qf6
23. Qxf6+ Kxf6 24. Rxb7 Ra3 25. h3 Bc8 (25... Bf3 {looks like an immediate
draw but} 26. Bxf3 Rxf3 27. Rxa7 Rd3 28. Rd7 Ra3 29. Ra1 e6 (29... Rea8 30. Re1
$16) 30. dxe6 Rxe6 $14) 26. Rc7 Bf5 (26... Rxa2 27. Rfc1 (27. d6 $6 exd6 28.
Bd5 Ra5 (28... Be6 29. Bxa2 Bxa2 30. Rd1 Rd8 31. Rxa7 Be6 32. h4 d5 $14) 29.
Rxf7+ Kg5 30. Bc6 Rh8 31. h4+ Kh6 $15) 27... Bf5 28. Re1 $14) 27. Rfc1 (27. g4
Bd3 (27... Rc8 $6 28. Rb7 Bd3 29. Re1 $16) 28. Re1 Bb5 $11) 27... Rd8 {Draw
offer} 28. g4 Bd7 29. Re1 h6 30. f4 Rxa2 31. Rb1 $6 {White is risking too much
by blindly overpressing.} (31. h4 g5 32. fxg5+ hxg5 33. hxg5+ Kxg5 34. Rxe7
Ra1+ $11) 31... a5 32. Rbb7 (32. Rb6+ {does not give any damage either.} e6 $15
(32... Kg7 $6 33. Rbb7 $1 (33. d6 $2 Rd2 34. dxe7 Re8 $17))) 32... Be8 33. Rxe7
Ra4 $6 {Black tries to equalize instead of taking over the initiative.Actually
the a pawn may become very strong.} (33... a4 $142 $1 $15) 34. Be4 Rd7 35. d6
$1 Rd4 $1 {Found with 3 seconds on the clock.} 36. g5+ hxg5 37. fxg5+ Kxg5 {
The game peters out to be a draw.} (37... Kg7 38. Rxe8 Rxe4 39. Rg8+ Kxg8 40.
Rxd7 $11) 38. Rxe8 Rxe4 39. Rxd7 Rxe8 40. Rxf7 Rd8 (40... Ra8 41. d7 a4 42. Kf2
a3 43. Rf3 $11) 41. Ra7 Rxd6 42. Rxa5+ Kf6 (42... Kh4 43. Ra3 $11) 1/2-1/2

[Event "Bundesliga 0304"]
[Site "Germany"]
[Date "2004.02.15"]
[Round "9.6"]
[White "Vaganian, Rafael A"]
[Black "Brendel, Oliver"]
[Result "1-0"]
[WhiteElo "2623"]
[BlackElo "2311"]
[Annotator "Atlas,V"]
[PlyCount "57"]
[EventDate "2003.11.01"]
[EventType "team-tourn"]
[EventRounds "15"]
[EventCountry "GER"]
[SourceTitle "CBM 100"]
[Source "ChessBase"]
[SourceDate "2004.06.01"]
[SourceVersion "1"]
[SourceVersionDate "2004.06.01"]
[SourceQuality "1"]
[WhiteTeam "Porz"]
[BlackTeam "Hofheim"]
[WhiteTeamCountry "GER"]
[BlackTeamCountry "GER"]

1. d4 Nf6 2. Nf3 g6 3. c4 Bg7 4. g3 d5 5. cxd5 Nxd5 6. Bg2 Nb6 7. Nc3 Nc6 8. e3
O-O 9. O-O Re8 10. d5 Na5 11. Nd4 Bd7 12. e4 c5 13. Nf3 Bg4 14. Qc2 Qd7 15. b3
f5 16. Bb2 e5 $2 (16... e6 {deserved attention. verdiente Aufmerksamkeit.}) 17.
Ng5 $1 {[%cal Gg5e6] After this move White gets a large advantage. Nach diesem
Zug erhält Weiß großen Vorteil.} fxe4 $2 (17... f4 18. f3 Qe7 {was more
stubborn. war hartnäckiger.}) 18. Ncxe4 Nxd5 19. Qxc5 b6 {[%tqu "En","How can
White use the disharmony in the placement of Black's pieces?","Exploit the
shaky position of the d5-knight.","Sacrifice your queen!","c5d5","This
powerful blow decides the game for White.",4,"De","Wie kann Weiß die
Disharmonie in der schwarzen Figurenstellung ausnutzen?","Der schwarze
Springer auf d5 hängt etwas in der Luft.","Opfern Sie die Dame!","c5d5",
"Dieser Kraftzug entscheidet die Partie für Weiß.",4]} 20. Qxd5+ $1 {[%csl Gd5,
Rd7,Ge4,Gg2,Rg8][%cal Gg2a8] An impressive sacrifice, disclosing inner defects
in Black's fragile defensive construction. Dieses prächtige Opfer offenbart
innere Defekte in der zerbrechlichen schwarzen Defensivkonstruktion.} Qxd5 21.
Nf6+ $1 {[%csl Rd5,Rg8][%cal Gg2d5]} Bxf6 22. Bxd5+ Kg7 23. Bxa8 Rxa8 (23...
Bxg5 24. Bd5 {is equally hopeless for Black. ist ebenfalls hoffnungslos für
Schwarz.}) 24. f4 $1 {The simplest way to convert White's advantage. Der
einfachste Weg, den weißen Vorteil zu verwerten.} exf4 25. Bxf6+ Kxf6 26. Nxh7+
Kg7 27. Rxf4 Bf5 28. Ng5 Re8 29. g4 1-0

[Event "UKR-ch KO 74th"]
[Site "Rivne"]
[Date "2005.08.25"]
[Round "1.2"]
[White "Borovikov, Vladislav"]
[Black "Burlai, Oleg"]
[Result "1-0"]
[WhiteElo "2595"]
[BlackElo "2344"]
[Annotator "Atlas,V"]
[PlyCount "59"]
[EventDate "2005.08.24"]
[EventType "k.o."]
[EventRounds "5"]
[EventCountry "UKR"]
[SourceTitle "CBM 109"]
[Source "ChessBase"]
[SourceDate "2005.11.14"]
[SourceVersion "1"]
[SourceVersionDate "2005.11.14"]
[SourceQuality "1"]

1. d4 Nf6 2. Nf3 g6 3. c4 Bg7 4. g3 O-O 5. Bg2 d5 6. cxd5 Nxd5 7. O-O Nb6 8.
Nc3 Nc6 9. d5 Na5 10. Qc2 c6 11. dxc6 Nxc6 12. Rd1 Qc7 13. Nb5 Qb8 14. Bf4 e5
15. Be3 Bf5 16. Qc5 Nc8 17. Ng5 a6 18. Nc3 N8e7 $6 (18... Nd4 {was a better
option.}) 19. Nd5 Nxd5 20. Bxd5 Nd8 $2 (20... h6 21. Ne4 Nd4 {was to be
preferred.}) 21. Rac1 h6 22. Ne4 Be6 23. Qb6 $1 {After this move White gets a
durable advantage.} Bxd5 24. Rxd5 Ne6 25. Rd7 Rc8 $2 ({The final mistake. More
tenacious was} 25... Qe8 26. Rxb7 Nd4) 26. Rxc8+ Qxc8 {[%tqu "En","All White's
pieces are superbly placed. How should he continue?","Exploit an unfortunate
placement of the black king and watch out for geometrical motifs!","Sacrifice
your rook!","d7f7","This powerful blow shatters Black's last illusions.",4,
"d7b7","",0,"b6b7","",0]} 27. Rxf7 $1 {[%csl Rc8,Ge4,Gf7,Rg8][%cal Ge4d6]} ({
Black was probably expecting} 27. Rxb7 Qc2) (27. Qxb7 {or} Qxb7 28. Rxb7 f5 {
, with some counterchanes. The text move yields White a decisive advantage.})
27... Rb8 ({The rook is invulnerable:} 27... Kxf7 28. Nd6+ {, winning the
queen.}) 28. Re7 Nf8 29. Qb3+ Kh8 30. Qf7 1-0

[Event "UKR-ch KO 74th"]
[Site "Rivne"]
[Date "2005.08.31"]
[Round "4.4"]
[White "Borovikov, Vladislav"]
[Black "Areshchenko, Alexander"]
[Result "1-0"]
[WhiteElo "2595"]
[BlackElo "2625"]
[Annotator "Atlas,V"]
[PlyCount "104"]
[EventDate "2005.08.24"]
[EventType "k.o."]
[EventRounds "5"]
[EventCountry "UKR"]
[SourceTitle "CBM 109"]
[Source "ChessBase"]
[SourceDate "2005.11.14"]
[SourceVersion "1"]
[SourceVersionDate "2005.11.14"]
[SourceQuality "1"]

1. d4 Nf6 2. Nf3 g6 3. c4 Bg7 4. g3 d5 5. cxd5 Nxd5 6. Bg2 Nb6 7. Nc3 Nc6 8. e3
O-O 9. O-O Re8 10. d5 Na5 11. Nd4 Bd7 12. e4 Rc8 13. Bf4 c5 14. Nf3 e5 15. Bg5
f6 16. Bc1 Nbc4 17. b3 Nd6 18. a4 $2 ({After this move Black develops a
dangerous initiative on the queenside. Better was} 18. Be3) 18... c4 $1 19. Ba3
(19. b4 {is strongly met by} Nb3) 19... Bf8 20. b4 Nb3 21. Ra2 b5 22. axb5 Nxb5
23. Nxb5 Bxb5 24. Bc1 Nxc1 25. Qxc1 c3 {Black got a large advantage, yet, he
still need to overcome some techical difficulties.} 26. Re1 Qb6 27. Qa3 a6 28.
Rc1 Bc4 29. Rxc3 Bxa2 30. Rxc8 Rxc8 31. Qxa2 Bd6 (31... Bxb4 {was much simpler}
) 32. Bf1 Qxb4 33. Qxa6 Rc2 34. Bd3 Rb2 35. Qc8+ Kg7 36. Qd7+ Be7 37. Kg2 Qd6
38. Qe8 Qc5 39. Kh3 Rxf2 40. Nh4 Rb2 (40... f5 $1 {was very strong here:} 41.
Qd7 ({Of course, not} 41. exf5 Bxh4 42. gxh4 (42. Kxh4 Rxh2+ 43. Kg4 Qd4+ {
, with mate in two}) 42... Qe3+ 43. Kg4 h5#) 41... Kh6 $1 {, and White's
position is defenseless.}) 41. Bc4 Bd6 42. Qd7+ Kh6 43. Qe6 Kg7 (43... Qg1 {
was one of the many winning continuations:} 44. Qxf6 Rxh2+ 45. Kg4 Rf2 46. Nf5+
Rxf5 47. exf5 Qd1+ 48. Kh3 Qh1+ 49. Kg4 Qh5#) (43... Qxc4 44. Qxf6 Qxe4 45.
Qxd6 Rf2 {was winning too:}) 44. Qd7+ Kh6 45. Bf1 Rb8 46. Qe6 Qc8 $4 {Terrible
blunder, elegantly refuted by White.} ({After} 46... Be7 {Black would retain
the decisive advantage.}) {[%tqu "En","Black's last move seems to be the
shortes way to the victory, but in fact it's a very bad slip. How should White
continue?","Go after the enemy king!","Sacrifice your knight!","h4f5","This
unexpected blow dicloses the weakness of the black king and decides the game
for White.",5]} 47. Nf5+ $1 {[%csl Rd6,Ge6,Gf1,Gf5,Rf6,Rg6,Rh6][%cal Ge6h6,
Gf1e2] Severe punishment of Black's careless play in a winning position!} Kg5 (
{The knight is invulnerable:} 47... gxf5 48. Qxf6+ Kh5 49. Be2#) 48. Nxd6 Qxe6+
49. dxe6 {Now the march of White's e6-pawn decides the game.} f5 50. e7 fxe4
51. e8=Q Rxe8 52. Nxe8 h5 1-0

[Event "YUG-chT"]
[Site "Igalo"]
[Date "1994.??.??"]
[Round "7"]
[White "Itkis, Boris"]
[Black "Popovic, Petar"]
[Result "0-1"]
[WhiteElo "2455"]
[BlackElo "2525"]
[Annotator "Belov,I"]
[PlyCount "66"]
[EventDate "1994.??.??"]
[EventType "team"]
[EventRounds "9"]
[EventCountry "YUG"]
[SourceTitle "EXT 2000"]
[Source "ChessBase"]
[SourceDate "1999.11.16"]
[SourceVersion "1"]
[SourceVersionDate "1999.11.16"]
[SourceQuality "1"]

1. d4 Nf6 2. Nf3 g6 3. c4 Bg7 4. g3 d5 5. cxd5 Nxd5 6. Bg2 Nb6 7. Nc3 Nc6 8. e3
O-O 9. O-O Re8 10. d5 (10. Re1 e5 11. d5 Na5 12. e4 c6 13. a4 cxd5 14. exd5 Bg4
15. h3 Bxf3 16. Bxf3 f5 $10 {Lesiege,A-Wolff,P/Montreal(m/2)/1993/0:1 (33)}) (
10. Ne1 e5 11. d5 Na5 12. Nc2 e4 $1 13. Nxe4 Nxd5 14. Nd4 Nc4 15. b3 Ne5 $10 {
Mikhalchishin,A-Kozul,Z/JUG/1993/0:1 (34)}) 10... Na5 11. Nd4 Bd7 12. e4 (12.
Nb3 Nxb3 13. Qxb3 e6 14. e4 a5 15. a4 Qe7 $1 $10 {Ross,D-Stohl,I/New
Westmister/1993/0,5/ (26)}) (12. b3 Rc8 13. Bb2 c6 14. e4 cxd5 15. exd5 Nac4 (
15... Nbc4 $1 16. bxc4 Qb6) 16. bxc4 Nxc4 17. Bc1 Qb6 18. Nce2 Bg4 19. f3 e5 $1
$13 {Kamshonkov,S-Belov,I/Podolsk/1993/0:1 (58)}) 12... c5 (12... c6 13. b3
cxd5 14. exd5 Rc8 $1 15. Bb2 e5 $1 16. Nde2 e4 $10 {Ilincic,Z-Kozul,Z/JUG(ch)/
1991/ Inf 55/453/}) 13. Nde2 (13. Nb3 Na4 $1 14. Qc2 Nxc3 15. bxc3 Ba4 16. Qb2
Qb6 17. Rb1 Nc4 18. Qa1 Qc7 $10 {Ribli,Z-Wolff,P/Groningen/1993/}) 13... e6 14.
Bf4 (14. Be3 exd5 15. exd5 Nac4 16. Bxc5 Nxb2 17. Qc2 N2a4 $10) (14. b3 exd5
15. exd5 Bb5 (15... Bg4 16. f3 $8 Bf5 17. Bb2) 16. Nxb5 Bxa1 17. Bd2 Nd7 18.
Qxa1 Rxe2 19. Bh6 $44) 14... exd5 15. exd5 g5 $1 (15... Nac4 16. b3 $16) 16.
Bc1 Bf5 (16... Nac4 $5) 17. h3 $6 (17. b3 Nc8 (17... Rxe2 $2 18. Nxe2 Bxa1 19.
Bd2 $16) 18. Bd2 Nd6 19. Re1 $10) 17... Nac4 18. g4 Bg6 19. Ng3 (19. f4 gxf4
20. Nxf4 Ne3 21. Bxe3 Rxe3 $17) 19... Nd6 $17 20. Re1 (20. f4 gxf4 21. Bxf4
Nbc4 $17) 20... Nbc4 21. Rxe8+ Qxe8 22. Qf1 Qe7 23. Nge4 Bxe4 $1 24. Nxe4 (24.
Bxe4 Bxc3 $19) 24... Nxe4 25. Qxc4 Nxf2 $1 26. d6 (26. Kxf2 Bd4+ 27. Kf1 Qf6+
$19) 26... Qxd6 (26... Qe1+ 27. Qf1 Qxf1+ 28. Kxf1 Nd3 29. Bxg5 $13) 27. Kxf2 (
27. Bxg5 Nxh3+ $1 28. Bxh3 Qg3+ 29. Bg2 Bd4+ 30. Kh1 Qxg4 $19) 27... Bd4+ 28.
Kf3 Qf6+ 29. Ke4 Re8+ 30. Kd3 Qf2 $19 31. Qc2 c4+ $1 32. Qxc4 Bxb2 33. Bxb2
Re3+ (33... Re3+ 34. Kd4 Rb3+ 35. Kd5 Qxg2+ 36. Kd6 Rb6+ 37. Kd7 Qxb2 $19) 0-1

[Event "Groningen PCA"]
[Site "Groningen"]
[Date "1993.??.??"]
[Round "2"]
[White "Ribli, Zoltan"]
[Black "Wolff, Patrick G"]
[Result "1-0"]
[WhiteElo "2610"]
[BlackElo "2585"]
[Annotator "Belov,I"]
[PlyCount "81"]
[EventDate "1993.12.??"]
[EventType "swiss"]
[EventRounds "11"]
[EventCountry "NED"]
[SourceTitle "CBM 039"]
[Source "ChessBase"]
[SourceDate "1994.04.01"]
[SourceVersion "1"]
[SourceVersionDate "1994.04.01"]
[SourceQuality "1"]

1. d4 {Ftacnik} Nf6 2. Nf3 g6 3. c4 Bg7 4. g3 d5 5. cxd5 Nxd5 6. Bg2 Nb6 7. Nc3
Nc6 8. e3 O-O 9. O-O Re8 10. d5 Na5 11. Nd4 Bd7 12. e4 c5 (12... c6 $5 13. b3
cxd5 (13... Rc8 14. Bb2 (14. Be3 cxd5 15. Nxd5 Nc6 16. Rc1 Nxd4 17. Rxc8 Bxc8
18. Bxd4 Bxd4 19. Qxd4 Be6 $10 {Kinsman,A-De Boer,G/Dieren/1990/}) 14... cxd5
15. exd5 Nbc4 $5 (15... Nac4 16. bxc4 Nxc4 17. Bc1 Qb6 18. Nce2 Bg4 19. f3 e5
20. dxe6 Bxe6 $44 {Kamshonkov,S-Belov,I/Podolsk/1991/0:1 (58) Inf 52/451/}) 16.
bxc4 Qb6 $15 {Kabatjanski,A-Utemov,V/SSSR/1990/}) 14. exd5 e6 (14... Rc8 15.
Qd2 e5 (15... e6 {Ftacnik} 16. Rb1 Nxd5 17. Nxd5 exd5 18. Bb2 Nc6 19. Bxd5 Bh3
20. Bxc6 bxc6 21. Rfd1 Qd5 22. f4 Rcd8 23. b4 Qxa2 24. Ra1 {Ilincic,Z-Makarov,
M/Arandjelovac (13)/1993/0-1 (25)}) 16. Nde2 e4 17. Bb2 Nac4 18. bxc4 Nxc4 19.
Qc2 Bg4 20. Rac1 Nxb2 21. Qxb2 Bxe2 22. Qxe2 Rxc3 $10 {Ilincic,Z-Kozul,Z/JUG/
1991/}) 15. dxe6 Bxe6 16. Be3 Bd5 17. Rc1 Bxg2 18. Kxg2 Nd5 19. Nxd5 Qxd5+ 20.
Nf3 $14) 13. Nb3 $1 (13. dxc6 Nxc6 14. Nxc6 Bxc6 15. Qb3 Qd3 16. Be3 Rac8 17.
Rfd1 Qa6 $10 {Hjartarson,J-Kasparov,G/Barselona/1989/}) 13... Na4 $5 $146 (
13... Nxb3 14. Qxb3 c4 15. Qd1 (15. Qc2 {Ftacnik} e6 16. dxe6 Bxe6 {Kharitonov,
A-Podgaets,M/USSR/1985/0.5 (16)}) 15... e6 16. Bf4 exd5 17. exd5 Bf5 18. Qd2
Bd3 19. Rfe1 Qd7 20. Bh6 $14 {Jukic,M-Vukanovic,S/Sibenik/1989; 14.ab!?/}) 14.
Qc2 $8 (14. Nxa4 $6 Bxa4 $17) (14. Nxa5 Qxa5 (14... Nxc3 {Ftacnik} 15. Nxb7
Nxd1 16. Nxd8 Nxb2 17. Nc6 Nd3 18. Rb1 Bxc6 19. dxc6 Rac8 20. Rd1 Nxc1 21.
Rdxc1 Rxc6 22. Bf1 Rec8 23. Bc4 Rb6 24. Rxb6 $15 {Silman,J-Ftacnik,L/Los
Angeles Am-op (8)/1991/0.5 (47)}) 15. Nxa4 Bxa4 16. Bd2 Qa6 $17) 14... Nxc3 (
14... Rc8 15. Nxa5 Qxa5 16. Bd2 Nxc3 17. Bxc3 Bxc3 18. bxc3 e5 19. f4 $16) 15.
bxc3 Ba4 16. Qb2 Qb6 (16... Rc8 17. Nxa5 (17. Qa3 b5 18. Nxa5 (18. Nxc5 $2 Nc4
19. Qb4 a5 $19) 18... Qxa5 19. Bd2) 17... Qxa5 18. Bd2 $14) 17. Rb1 (17. Nxa5
Qxa5 18. Bd2 $14) 17... Nc4 18. Qa1 $5 (18. Qe2 Nd6 19. c4 e6 20. Be3 Bxb3 $8
21. Rxb3 Qc7 $13) 18... Qc7 (18... Rac8 {Ftacnik} 19. Nd2 Qa6 20. Nxc4 Qxc4 21.
Rxb7 Bxc3 $36) (18... Bb5 $5 {Ftacnik}) 19. Bf4 Qc8 20. Rfe1 b6 (20... e6 21.
dxe6 Rxe6 22. Bh3 $16) 21. Rbd1 e6 (21... e5 $5 22. Bc1 Nd6 $13) 22. Qc1 exd5 (
22... e5 $5) 23. exd5 Qd7 24. h4 $14 Rxe1+ (24... Nd6 $5 25. Rxe8+ Rxe8 26. Re1
h5 $10) 25. Rxe1 Re8 26. Rxe8+ Qxe8 27. h5 $5 Qe7 (27... gxh5 $5) 28. Nd2 Nxd2
$2 (28... Nd6 $5 29. Nf1 Bd7 $10) 29. Qxd2 $16 Bd7 30. Bb8 (30. h6 $5 Bf8 31.
d6 $16) 30... Qd8 31. Bf4 (31. Bxa7 Qc7 $19) 31... Qf6 32. h6 $1 Bf8 (32... Bh8
33. c4 Qd4 34. Qe2 $16) 33. d6 g5 $8 34. Bxg5 Qxd6 35. Bd5 $1 (35. Qxd6 $6 Bxd6
36. Bd5 Be6 $13) 35... Qg6 (35... Be6 36. c4) 36. Bf4 Qb1+ (36... Be6 $5) (
36... Bg4 $5) 37. Kh2 Qf5 38. c4 Be7 39. f3 $1 Bf6 $2 (39... Be6 $5 40. g4 Qb1
$16) 40. g4 $18 Qg6 (40... Qb1 41. Bxf7+ Kxf7 42. Qxd7+ $18) 41. Be4 1-0

[Event "Bishkek zt"]
[Site "Bishkek"]
[Date "1993.??.??"]
[Round "?"]
[White "Serper, Grigory"]
[Black "Safin, Shukhrat"]
[Result "1/2-1/2"]
[WhiteElo "2590"]
[BlackElo "2455"]
[Annotator "Belov,I"]
[PlyCount "105"]
[EventDate "1993.??.??"]
[EventType "tourn"]
[EventRounds "13"]
[EventCountry "KGZ"]
[EventCategory "7"]
[SourceTitle "CBM 035"]
[Source "ChessBase"]
[SourceDate "1993.08.01"]
[SourceVersion "1"]
[SourceVersionDate "1993.08.01"]
[SourceQuality "1"]

1. Nf3 Nf6 2. c4 g6 3. g3 Bg7 4. Bg2 d5 5. cxd5 Nxd5 6. d4 O-O 7. O-O Nc6 (7...
Nb6) 8. e4 Nb6 9. d5 Na5 10. Nc3 (10. Qe1 Nac4 11. Nc3 c6 12. b3 cxd5 $5 13.
bxc4 dxe4 14. Ng5 f5 15. c5 Na4 16. Bd2 Nxc5 17. Be3 Nd3 18. Qd2 h6 19. Nh3 g5
$15 {Wojtkiewicz-Bonin/New York/1989/}) 10... c6 11. Re1 Re8 12. Bf4 $146 (12.
Bg5 h6 13. Bf4 Nac4 14. Qe2 g5 $1 15. Bc1 cxd5 16. exd5 Bg4 17. Qe4 Qd7 $10)
12... Nac4 13. Qc2 (13. Qb3 e5 14. dxe6 Bxe6 15. Qc2 Bg4 $10) (13. Qe2 $5 cxd5
14. exd5 Bg4 $13) 13... cxd5 14. Nxd5 Nxd5 15. exd5 Nd6 (15... Nxb2 $2 16. Be5
$18) 16. Be5 Bf5 17. Qe2 (17. Qd1 Bg4 18. Bxg7 Bxf3 $1 $10) 17... Be4 18. Bxg7
Kxg7 19. Ng5 $6 (19. Rad1 Bxf3 20. Bxf3 $10) 19... Bxg2 20. Kxg2 (20. Qe5+ $2
Kg8 21. Kxg2 f6 $19) 20... e5 $1 $17 21. Nf3 e4 22. Ng1 (22. Nd4 $2 Qa5) 22...
Qa5 23. Red1 Re5 (23... Rac8 $5) 24. a3 $1 Rc8 (24... Rxd5 $2 25. b4 Rxd1 26.
bxa5 Rxa1 27. Qb2+ $18) 25. b4 Qb6 26. Qb2 Nc4 27. Qd4 Qxd4 28. Rxd4 Nd6 29.
Ra2 Re7 30. Ne2 Rec7 31. Rdd2 Kf6 32. Nd4 Rc3 33. Ne2 R3c4 34. Nd4 Ke5 35. Nc2
f5 36. h4 Rc3 37. Ne3 Nc4 $6 (37... h6 38. Nc2 g5 39. hxg5 hxg5 40. Ne3 f4 $19)
(37... h5 38. Nc2 f4 {/\ 39...Nf5-+}) 38. Nxc4+ R3xc4 39. d6 Rd8 40. Rac2 $1
Rxc2 41. Rxc2 Kxd6 (41... Rxd6 42. Rc7) 42. Kf1 Rd7 43. Ke2 Rc7 $2 (43... Ke6
$142 {/\ b6,h6,g5-/+}) 44. Rxc7 $1 $10 Kxc7 45. Ke3 Kd6 46. Kf4 b6 (46... Ke6
47. Kg5 Kf7 48. Kh6 Kg8 49. h5 $1 $10) 47. Kg5 Ke6 48. Kh6 b5 49. Kxh7 Kf7 50.
Kh8 Kf8 51. Kh7 Kf7 52. Kh8 Kf8 53. Kh7 1/2-1/2